Vplyv zvýšenia storna na hodnoty v modeli VFA

Medzinárodný účtovný štandard IFRS 17. Ocenenie portfólia poistných zmlúv investičného životného poistenia unit-linked metódou VFA. Vplyv zvýšenia storna na zmluvnú servisnú maržu, rizikovú prirážku a hodnoty vo výkaze ziskov a strát.

Salvato in:
Dettagli Bibliografici
Autore principale: Zelinová, Silvia, 1987-
Natura: Capitolo di libro
Lingua:slovacco
Soggetti:
Tags: Aggiungi Tag
Nessun Tag, puoi essere il primo ad aggiungerne!!

MARC

LEADER 00000naa a2200000 4500
001 0280552
005 20260316123015.7
041 0 |a slo 
044 |a SK 
245 1 0 |a Vplyv zvýšenia storna na hodnoty v modeli VFA  |c Silvia Zelinová 
520 |a Medzinárodný účtovný štandard IFRS 17. Ocenenie portfólia poistných zmlúv investičného životného poistenia unit-linked metódou VFA. Vplyv zvýšenia storna na zmluvnú servisnú maržu, rizikovú prirážku a hodnoty vo výkaze ziskov a strát. 
610 2 0 |a modely 
610 2 0 |a aktíva 
610 2 0 |a štandardy účtovné medzinárodné 
100 1 |a Zelinová, Silvia, 1987-